| 000 | 00000nam##2200000za#4500 |
| 001 | 9.575633 |
| 003 | CaOODSP |
| 005 | 20210624184746 |
| 007 | cr ||||||||||| |
| 008 | 150406|2008||||xxc|||||o f|0| 0 eng|d |
| 040 | |aCaOODSP|beng |
| 043 | |an-cn--- |
| 086 | 1 |aTU3-5/08-33E-PDF |
| 110 | 2 |aTransportation Safety Board of Canada. |
| 245 | 10|aRisk of collision - First Air/Air Creebec Boeing 737 C-FNVT/de Havilland DHC-8 C-GYWX, Kuujjuaq, Quebec, 22 October 2008 |h[electronic resource] |
| 260 | |aGatineau - Quebec : |bTransportation Safety Board of Canada |c[2008]. |
| 300 | |a18p.|bfigs. |
| 490 | 1 |aAviation investigation report |vA08Q0209 |
| 590 | |a13-02-Supp|b2013-01-11 |
| 775 | 08|tRisque de collision entre le Boeing 737 C-FNVT exploité par First Air et le de Havilland DHC-8 C-GYWX exploité par Air Creebec à Kuujjuaq (Québec), le 22 octobre 2008 |w(CaOODSP)9.605127 |
| 830 | #0|aAviation investigation report ;|vA08Q0209|w(CaOODSP)9.504825 |
| 856 | 40|ahttp://publications.gc.ca|qPDF|s489 KB|uhttps://publications.gc.ca/collections/collection_2012/bst-tsb/TU3-5-08-33-eng.pdf|yA08Q0209 |